Geographical distribution of financial flows to developing countries : disbursements, commitments, country indicators : 2008-2012

Gespeichert in:
Bibliographische Detailangaben
Format: Buch
Sprache:Englisch
Französisch
Veröffentlicht: Paris OECD 2014
Schlagworte:
Tags: Tag hinzufügen
Keine Tags, Fügen Sie das erste Tag hinzu!

MARC

LEADER 00000nam a2200000 4500
001 0189986
005 20240104131139.3
020 |a 978-92-64-20767-7 
022 |a 2074-3157 
041 0 |a eng 
041 0 |a fre 
044 |a FR 
245 1 0 |a Geographical distribution of financial flows to developing countries : disbursements, commitments, country indicators : 2008-2012 
264 1 |a Paris  |b OECD  |c 2014 
300 |a 278 s. 
610 2 0 |a príjmy 
610 2 0 |a mzdy 
610 2 0 |a krajiny rozvojové 
610 2 0 |a politika finančná 
610 2 0 |a distribúcia 
610 2 0 |a ukazovatele ekonomické 
610 2 0 |a financovanie 
610 2 0 |a údaje štatistické medzinárodné 
610 2 0 |a porovnanie štatistické medzinárodné